Management of Self-employed Farmers in Slovakia

Poľnohospodárstvo ako sektor národného hospodárstva. Nedostatočná potravinová sebestačnosť na Slovensku. Samostatne hospodáriaci roľníci na Slovensku. Metodika Výskumného ústavu poľnohospodárstva a potravinárstva (RIAF), ktorá je od roku 2014 súčasťou Národného poľnohospodárskeho a potravinárskeho c...

Ausführliche Beschreibung

Gespeichert in:
Bibliographische Detailangaben
1. Verfasser: Dudáš-Pajerská, Erika, 1988-
Weitere Verfasser: Deáková, Kristína
Format: Buchkapitel
Sprache:Englisch
Schlagworte:
Tags: Tag hinzufügen
Keine Tags, Fügen Sie das erste Tag hinzu!

MARC

LEADER 00000naa$a2200000$$$4500
001 0268779
005 20240502074219.0
041 0 |a eng 
044 |a SK 
245 1 0 |a Management of Self-employed Farmers in Slovakia  |c Erika Dudáš-Pajerská, Kristína Deáková 
520 |a Poľnohospodárstvo ako sektor národného hospodárstva. Nedostatočná potravinová sebestačnosť na Slovensku. Samostatne hospodáriaci roľníci na Slovensku. Metodika Výskumného ústavu poľnohospodárstva a potravinárstva (RIAF), ktorá je od roku 2014 súčasťou Národného poľnohospodárskeho a potravinárskeho centra (NAFC). 
610 2 0 |a poľnohospodárstvo 
610 2 0 |a sebestačnosť potravinová 
610 2 0 |a hospodárstvo národné 
610 2 0 |a roľníci 
610 2 0 |a produkcia 
610 2 0 |a Slovensko 
100 1 |a Dudáš-Pajerská, Erika, 1988- 
700 1 |a Deáková, Kristína